Lecture notes on diseases of the ear nose and throat/ (Record no. 170851)

MARC details
000 -LEADER
fixed length control field 00775nam a22002297a 4500
003 - CONTROL NUMBER IDENTIFIER
control field OSt
005 - DATE AND TIME OF LATEST TRANSACTION
control field 20240722143124.0
008 - FIXED-LENGTH DATA ELEMENTS--GENERAL INFORMATION
fixed length control field 240718b |||||||| |||| 00| 0 eng d
020 ## - INTERNATIONAL STANDARD BOOK NUMBER
International Standard Book Number 0632001291 (paperback)
040 ## - CATALOGING SOURCE
Original cataloging agency NUST
Language of cataloging eng
Transcribing agency NUST
Modifying agency NUST
Description conventions rda
050 ## - LIBRARY OF CONGRESS CALL NUMBER
Classification number RF46 FOX
100 ## - MAIN ENTRY--PERSONAL NAME
Personal name Foxen, E. H. Miles
Relator term Author
245 ## - TITLE STATEMENT
Title Lecture notes on diseases of the ear nose and throat/
Statement of responsibility, etc. Foxen, E. H. Miles
300 ## - PHYSICAL DESCRIPTION
Extent x, 226 pages:
Other physical details Illustrations ;
Dimensions 22 cm.
336 ## - CONTENT TYPE
Source rdamedia
Content type term text
Content type code txt
337 ## - MEDIA TYPE
Source rdamedia
Media type term unmediated
Media type code n
338 ## - CARRIER TYPE
Source rdamedia
Carrier type term volume
Carrier type code nc
504 ## - BIBLIOGRAPHY, ETC. NOTE
Bibliography, etc. note Includes bibliographical references and index.
650 ## - SUBJECT ADDED ENTRY--TOPICAL TERM
Form subdivision Otolaryngology
650 ## - SUBJECT ADDED ENTRY--TOPICAL TERM
Form subdivision Diseases- Nose - Throat
942 ## - ADDED ENTRY ELEMENTS (KOHA)
Source of classification or shelving scheme Library of Congress Classification
Koha item type Ordinary Loan Books
Edition Tenth edition.
Classification part RF46FOX
Call number prefix RF
Call number suffix FOX
Suppress in OPAC No
Holdings
Withdrawn status Lost status Source of classification or shelving scheme Damaged status Not for loan Home library Current library Date acquired Cost, normal purchase price Total Checkouts Full call number Barcode Date last seen Accession number Cost, replacement price Price effective from Koha item type Public note
    LCC     MAIN MAIN 07/18/2024 20.00   RF46FOX 92004055132 07/18/2024 61039 20.00 07/18/2024 BOOKS Donation